| 000 | 00568nam a22001697a 4500 | ||
|---|---|---|---|
| 008 | 230515b |||||||| |||| 00| 0 eng d | ||
| 040 |
_aNational Science Library _cNational Science Library |
||
| 080 |
_a551.435.62(082.2) _bM8.2 |
||
| 245 |
_aLandslides: _bGlissements de terrain _c/ Proceedings of the fifth international symposium on landslides 10-15 July, 1988 |
||
| 260 |
_aBrookfield: _bA.A. Balkema, _c1990 |
||
| 300 | _axix, 809p. | ||
| 500 | _a | ||
| 650 | _aGeology | ||
| 653 | _aParameters | ||
| 700 | 1 | 0 | _aBonnard, Christophe (Ed.) |
| 942 |
_2udc _cPR |
||
| 999 |
_c29845 _d29845 |
||